书目信息 |
| 题名: |
有限元与MARC实现
|
|
| 作者: | 梁清香 编著 | |
| 分册: | ||
| 出版信息: | 北京 机械工业出版社 2005.03 |
|
| 页数: | 379页 | |
| 开本: | 26cm | |
| 丛书名: | ||
| 单 册: | ||
| 中图分类: | O242.21 | |
| 科图分类: | ||
| 主题词: | 有限元分析--you xian yuan fen xi--应用软件 | |
| 电子资源: | ||
| ISBN: | 7-111-11400-0 | |
| 000 | 00911nam0 2200253 450 | |
| 001 | 012006344903 | |
| 005 | 20060628150756.45 | |
| 010 | @a7-111-11400-0@dCNY39.00 | |
| 100 | @a20060611d2005 km y0chiy0120 ea | |
| 101 | 0 | @achi |
| 102 | @aCN@b110000 | |
| 105 | @aa a 000yy | |
| 200 | 1 | @a有限元与MARC实现@Ayou xian yuan yu MARC shi xian@f梁清香等编著@Fliang qing xiang deng bian zhu |
| 205 | @a第2版 | |
| 210 | @a北京@c机械工业出版社@d2005.03 | |
| 215 | @a379页@c图@d26cm | |
| 300 | @a高等学校教材 | |
| 320 | @a有书目。 | |
| 330 | @a本书通过实例详细地介绍了有限元理论、有限元建模以及MARC有限元通用软件的使用技巧,特别是对有限元建模作了富有特色的介绍,使读者能深入理解有限元理论与有限元软件之间的紧密关联。 | |
| 606 | 0 | @a有限元分析@Ayou xian yuan fen xi@x应用软件 |
| 690 | @aO242.21@v4 | |
| 701 | 0 | @a梁清香@Aliang qing xiang@4编著 |
| 801 | 0 | @aCN@bQSSK@c20060628 |
| 905 | @a10447@dO242.21@eL408 | |
| 有限元与MARC实现/梁清香等编著.-第2版.-北京:机械工业出版社,2005.03 |
| 379页:图;26cm |
| 高等学校教材 |
| ISBN 7-111-11400-0:CNY39.00 |
| 本书通过实例详细地介绍了有限元理论、有限元建模以及MARC有限元通用软件的使用技巧,特别是对有限元建模作了富有特色的介绍,使读者能深入理解有限元理论与有限元软件之间的紧密关联。 |
| ● |
| 相关链接 |
|
|
|
正题名:有限元与MARC实现
索取号:O242.21/L408
 
预约/预借
| 序号 | 登录号 | 条形码 | 馆藏地/架位号 | 状态 | 备注 |
| 1 | 583017 | 205830172 | 自科库401/401自科库 50排1列1层/ [索取号:O242.21/L408] | 在馆 | |
| 2 | 583018 | 205830181 | 自科库401/401自科库 50排1列1层/ [索取号:O242.21/L408] | 在馆 |